| 000 | 01075nam a2200289 a 4500 | ||
|---|---|---|---|
| 001 | 000044950 | ||
| 005 | 20201002045745.0 | ||
| 008 | 150122s2014 xxud 001 0 spa d | ||
| 020 | _a9781626160415 | ||
| 040 |
_aDO-SdBNP _bspa _cBNPHU |
||
| 082 |
_a461.5 _bN964f, 2014 |
||
| 100 | 1 |
_aNúñez, Rafael _91366 |
|
| 245 | 1 | 0 |
_aFonología generativa contemporánea de la lengua española / _cRafael A. Núñez Cedeño; Sonia editores, Colina y Travis G. Bradley. |
| 250 | _a2a. ed. | ||
| 260 |
_aWashington, DC : _bGeorgetown University, _c2014. |
||
| 300 |
_a411 p. : _bil. ; _c23 cm. |
||
| 500 | _aIncluye datos biográficos del autor y de los editores | ||
| 500 | _aIncluye índice de temas y lenguas | ||
| 500 | _aIncluye glosario | ||
| 504 | _aBibliografía p: 369-386 | ||
| 590 | _aLa biblioteca posee dos 2 ejemplares autografíados por el autor | ||
| 590 | _aInventariado, 2018/LP | ||
| 650 | 4 |
_aLengua española _xFonología _972966 |
|
| 650 | 4 |
_aGramática generativa _928093 |
|
| 700 | 1 | 2 |
_aColina, Sonia _972967 |
| 910 | _aValidado. Control de calidad MFF | ||
| 999 |
_c44439 _d44439 |
||